Statistics for 20 Largest Cities in China by Province

Click here to take the quiz!

General Stats

  • This quiz has been taken 247 times
  • The average score is 14 of 20

Answer Stats

ProvinceAnswer% Correct
GuangdongGuangzhou
97%
_______Shanghai
95%
_______Beijing
94%
HubeiWuhan
89%
_______Chongqing
87%
SichuanChengdu
85%
ShaanxiXi'an
85%
HeilongjiangHarbin
83%
_______Tianjin
83%
ZhejiangHangzhou
74%
JiangsuNanjing
74%
ShandongQingdao
73%
LiaoningShenyang
70%
YunnanKunming
64%
HunanChangsha
58%
ZhejiangWenzhou
50%
GuangdongShantou
49%
ShandongJinan
47%
FujianQuanzhou
17%
JiangxiGanzhou
14%

Score Distribution

Percentile by Number Answered

Percent of People with Each Score

Your Score History

You have not taken this quiz